00258nam a2200109Ia 4500008004100000100001800041245003300059260002600092300000800118942000700126999001500133190216s9999||||xx |||||||||||||| ||und|| aJyoti Agarwal 0a"Central Sales Tax Act,1956" bC Jamnadas & Coc1996 a76p cBK c5628d5628